LEADER 01438nam0 22003733i 450 001 MIL0144931 005 20251003044226.0 010 $a0521305861 010 $a0521386322 010 $a9780521305860$bhbk 010 $a9780521386326 100 $a20111110d1985 ||||0itac50 ba 101 | $aeng$ceng 102 $agb 181 1$6z01$ai $bxxxe 182 1$6z01$an 183 1$6z01$anc$2RDAcarrier 200 1 $aMatrix analysis$fRoger A. Horn, Charles R. Johnson 210 $aCambridge [etc.]$cCambridge University Press$dc1985 215 $aXIII, 561 p.$d24 cm. 500 10$aMatrix analysis.$3UBS0019229$9MILV046318$9332101 606 $aMatrici $2FIR$3CFIC015820$9I 676 $a512.9$9FONDAMENTI DELL'ALGEBRA$v14 676 $a512.9434$9FONDAMENTI DELL'ALGEBRA. MATRICI$v22 700 1$aHorn$b, Roger A.$3MILV046318$4070$027618 701 1$aJohnson$b, Charles R.$3MILV046319$4070$028116 801 3$aIT$bIT-000000$c20111110 850 $aIT-BN0095 901 $bNAP 01$cTEDASS $nex Centro interdipartimentale sulle alte tecnologie per la diagnostica ambientale e lo sviluppo sostenibile 912 $aMIL0144931 950 0$aBiblioteca Centralizzata di Ateneo$b1 v.$d 01TEDASS 512.9 HOR.ma$e 0102 0000088525 VMA FD 1 v. (21. rist. 2007)$fY $h20111103$i20111110 977 $a 01 996 $aMatrix analysis$9332101 997 $aUNISANNIO LEADER 01028nam 2200289 450 001 996658472403316 005 20250909093813.0 010 $a88-207-3837-6 100 $a20250512d2005----km y0itay5003 ba 101 0 $aita 102 $aIT 105 $ay 00 y 200 1 $a<> azioni di responsabilità contro gli amministratori nel fallimento della nuova società a responsabilità limitata$fGuglielmo Landolfi 210 $aNapoli$cLiguori Editore$d2005 215 $aVIII, 94 p.$d24 cm 225 2 $aDomini. Biblioteca di diritto civile e comparato$v8 410 0$12001$aDomini. Biblioteca di diritto civile e comparato$v8 606 0 $aFallimento$2BNCF 676 $a346.45078 700 1$aLANDOLFI,$bGuglielmo$0420557 801 0$aIT$bcba$gREICAT 912 $a996658472403316 951 $aXVI.7.B. 10$bFBUO$cXVI.7.B. 959 $aBK 969 $aFBUO 996 $aAzioni di responsabilità contro gli amministratori nel fallimento della nuova società a responsabilità limitata$941139 997 $aUNISA